| 000 | 00427nam a2200157 4500 | ||
|---|---|---|---|
| 999 |
_c352 _d352 |
||
| 020 | _a9788127243043 | ||
| 050 |
_aS494.5 _b.L46 |
||
| 100 |
_aLenka, D _aJena, S |
||
| 245 |
_aAgronomy for beginners _cD. Lenka and S. Jena. |
||
| 250 | _a2ND ED | ||
| 260 |
_aLudhiana : _bKalyani Publishers, _c2001 |
||
| 300 |
_axv, 356 pages : _btable, figure, graph ; _c23 cm |
||
| 500 | _aINCLUDES INDEX | ||
| 650 | _aAgronomy | ||
| 942 | _cBK | ||